000
00189 a2200097 4500
001
25747
100
_a
Meriam, J L
245
_a
Statics
260
_a
_b
Wiley
_c
1968
090
_c
17405
_d
17405
942
_a
NUST-CAE
_c
M
_c
8231
999
_c
260820
_d
260820